Nádej pre Tripolis

Líbyjská občianska vojna - tzv. arabská jar. Rozloženie stabilného štátu, zhoršenie bezpečnosti v regiónie, nárast terorizmu a migrácie. Existencia dvojvládia v krajine. Spolupráca s Ruskom. Kaddáfího nástupca. Mocenský zápas v Líbyi. V očakávaní parlamentných volieb.

Salvato in:
Dettagli Bibliografici
Autore principale: Škvrnda, František
Natura: Capitolo di libro
Lingua:slovacco
Soggetti:
Tags: Aggiungi Tag
Nessun Tag, puoi essere il primo ad aggiungerne!!

MARC

LEADER 00000naa a2200000 4500
001 0242284
005 20240502073936.5
041 0 |a slo 
044 |a SK 
245 1 0 |a Nádej pre Tripolis  |c František Škvrnda 
520 |a Líbyjská občianska vojna - tzv. arabská jar. Rozloženie stabilného štátu, zhoršenie bezpečnosti v regiónie, nárast terorizmu a migrácie. Existencia dvojvládia v krajine. Spolupráca s Ruskom. Kaddáfího nástupca. Mocenský zápas v Líbyi. V očakávaní parlamentných volieb. 
610 2 0 |a politika vnútorná 
610 2 0 |a vláda 
610 2 0 |a voľby 
610 2 0 |a konflikty 
610 2 0 |a vojny 
610 2 0 |a náboženstvo 
610 2 0 |a islam 
610 2 0 |a Líbya 
100 1 |a Škvrnda, František